000
00293nam a22001337a 4500
008
180813b xxu||||| |||| 00| 0 eng d
041
_a
eng
080
_a
616.053
082
_a
616.053 HAM
100
_a
8
101
_a
PED
245
_a
Pediatric cardiology
_c
Hamish.W
942
_2
udc
_c
BK
999
_c
47018
_d
47018